Leopoldine S. - "...scheint sie doch zeitlich in einer ganz anderen Welt zu sein"
Saved in:
| Main Author: | |
|---|---|
| Format: | Chapter/Article |
| Language: | German |
| Published: |
2007
|
| In: |
"Das Vergessen der Vernichtung ist Teil der Vernichtung selbst"
Year: 2007, Pages: 267-273 |
| Online Access: |
|
| Author Notes: | Gerrit Hohendorf |
MARC
| LEADER | 00000caa a2200000 c 4500 | ||
|---|---|---|---|
| 001 | 848752694 | ||
| 003 | DE-627 | ||
| 005 | 20220810035123.0 | ||
| 007 | tu | ||
| 008 | 160302s2007 xx ||||| 00| ||ger c | ||
| 035 | |a (DE-627)848752694 | ||
| 035 | |a (DE-576)9848752692 | ||
| 035 | |a (DE-599)GBV848752694 | ||
| 035 | |a (OCoLC)1340145287 | ||
| 040 | |a DE-627 |b ger |c DE-627 |e rda | ||
| 041 | |a ger | ||
| 084 | |a 63 |2 sdnb | ||
| 100 | 1 | |a Hohendorf, Gerrit |d 1963-2021 |e VerfasserIn |0 (DE-588)1043167382 |0 (DE-627)770185355 |0 (DE-576)394513517 |4 aut | |
| 245 | 1 | 0 | |a Leopoldine S. - "...scheint sie doch zeitlich in einer ganz anderen Welt zu sein" |c Gerrit Hohendorf |
| 264 | 1 | |c 2007 | |
| 300 | |b Illustrationen | ||
| 300 | |a 7 | ||
| 336 | |a Text |b txt |2 rdacontent | ||
| 337 | |a ohne Hilfsmittel zu benutzen |b n |2 rdamedia | ||
| 338 | |a Band |b nc |2 rdacarrier | ||
| 773 | 0 | 8 | |i Enthalten in |t "Das Vergessen der Vernichtung ist Teil der Vernichtung selbst" |d Göttingen : Wallstein, 2007 |g (2007), Seite 267-273 |h 387 S. |w (DE-627)522171486 |w (DE-576)259935239 |z 3835301462 |z 9783835301467 |7 nnam |a Leopoldine S. - "...scheint sie doch zeitlich in einer ganz anderen Welt zu sein" |
| 773 | 1 | 8 | |g year:2007 |g pages:267-273 |g extent:7 |a Leopoldine S. - "...scheint sie doch zeitlich in einer ganz anderen Welt zu sein" |
| 951 | |a AR | ||
| 992 | |a 20210112 | ||
| 993 | |a BookComponentPart | ||
| 994 | |a 2007 | ||
| 998 | |g 1043167382 |a Hohendorf, Gerrit |m 1043167382:Hohendorf, Gerrit |d 50000 |e 50000PH1043167382 |k 0/50000/ |p 1 |x j |y j | ||
| 999 | |a KXP-PPN848752694 |e 3834480053 | ||
| BIB | |a Y | ||
| JSO | |a {"type":{"bibl":"chapter"},"origin":[{"dateIssuedDisp":"2007","dateIssuedKey":"2007"}],"person":[{"given":"Gerrit","family":"Hohendorf","role":"aut","display":"Hohendorf, Gerrit"}],"title":[{"title_sort":"Leopoldine S. - \"...scheint sie doch zeitlich in einer ganz anderen Welt zu sein\"","title":"Leopoldine S. - \"...scheint sie doch zeitlich in einer ganz anderen Welt zu sein\""}],"recId":"848752694","physDesc":[{"extent":"7 S.","noteIll":"Illustrationen"}],"language":["ger"],"relHost":[{"recId":"522171486","disp":"Leopoldine S. - \"...scheint sie doch zeitlich in einer ganz anderen Welt zu sein\"\"Das Vergessen der Vernichtung ist Teil der Vernichtung selbst\"","part":{"pages":"267-273","text":"(2007), Seite 267-273","extent":"7","year":"2007"},"physDesc":[{"noteIll":"Ill., graph. Darst.","noteFormat":"23 cm","extent":"387 S."}],"language":["ger"],"name":{"displayForm":["hrsg. von Petra Fuchs, Maike Rotzoll, Ulrich Müller, Paul Richter und Gerrit Hohendorf"]},"id":{"eki":["522171486"],"isbn":["3835301462","9783835301467"]},"origin":[{"publisher":"Wallstein","dateIssuedKey":"2007","dateIssuedDisp":"2007","publisherPlace":"Göttingen"}],"person":[{"given":"Petra","family":"Fuchs","display":"Fuchs, Petra","role":"edt"},{"role":"edt","display":"Rotzoll, Maike","family":"Rotzoll","given":"Maike"},{"given":"Ulrich","role":"edt","display":"Müller, Ulrich","family":"Müller"},{"display":"Richter, Paul","role":"edt","family":"Richter","given":"Paul"},{"given":"Gerrit","family":"Hohendorf","role":"edt","display":"Hohendorf, Gerrit"},{"given":"Helmut","display":"Bader, Helmut","role":"edt","family":"Bader"}],"title":[{"title":"\"Das Vergessen der Vernichtung ist Teil der Vernichtung selbst\"","title_sort":"Vergessen der Vernichtung ist Teil der Vernichtung selbst\"","subtitle":"Lebensgeschichten von Opfern der nationalsozialistischen \"Euthanasie\""}],"type":{"bibl":"edited-book"},"note":["Quellen- und Literaturverz. S. 347 - 370"]}],"name":{"displayForm":["Gerrit Hohendorf"]},"id":{"eki":["848752694"]}} | ||
| SRT | |a HOHENDORFGLEOPOLDINE2007 | ||